| 000 | 004670000a22001090004500 | ||
|---|---|---|---|
| 245 | 1 | 0 | _aLa vida sexual adolescente. |
| 300 | _aVol.17, no.193 (2000),p. 8-9 | ||
| 520 | _aLa necesidad biológica, la falta de información, la doble moral de los jóvenes frente a la sexualidad y la carencia de una adecuada oferta de servicios de salud en este campo, condicionan el inicio de la vida sexual. | ||
| 650 | 1 | 4 | _aSEXUALIDAD |
| 773 | 0 | _tRevista muy interesante | |
| 942 | _cANA | ||
| 999 |
_c63221 _d63221 |
||